Extinct Animals (Record no. 4300)

MARC details
000 -LEADER
fixed length control field 00355nam a2200133Ia 4500
008 - FIXED-LENGTH DATA ELEMENTS--GENERAL INFORMATION
fixed length control field 211109s9999||||xx |||||||||||||| ||und||
082 ## - DEWEY DECIMAL CLASSIFICATION NUMBER
Classification number 590
Item number LAN-E
100 ## - MAIN ENTRY--PERSONAL NAME
Personal name Lankester, E Ray
245 #0 - TITLE STATEMENT
Title Extinct Animals
260 ## - PUBLICATION, DISTRIBUTION, ETC.
Name of publisher, distributor, etc. Archibald Constable
Place of publication, distribution, etc. London
Date of publication, distribution, etc. 2008
630 ## - SUBJECT ADDED ENTRY--UNIFORM TITLE
General subdivision General Stack
650 ## - SUBJECT ADDED ENTRY--TOPICAL TERM
Topical term or geographic name entry element EXTINCT ANIMED ZOOLOGY EXTINCT
942 ## - ADDED ENTRY ELEMENTS (KOHA)
Koha item type BOOK
650 ## - SUBJECT ADDED ENTRY--TOPICAL TERM
General subdivision Zoology
Holdings
Withdrawn status Lost status Damaged status Not for loan Home library Current library Date acquired Cost, normal purchase price Total Checkouts Full call number Barcode Shelving location Date last seen Price effective from Koha item type
        SB LIBRARY SB LIBRARY 09/11/2021 100.00   590 LAN-E 00004746 GENERAL STACK 09/11/2021 09/11/2021 BOOK

Powered by Koha